Statistics for 400 Metres World Leads by Year

Click here to take the quiz!

General Stats

  • This quiz has been taken 39 times
  • The average score is 18 of 82

Answer Stats

YearMenTimeCountry% Correct
2000Michael Johnson43.68United States
100%
1991Michael Johnson44.17United States
100%
2017Wayde van Niekerk43.62South Africa
71%
2014Kirani James43.74Grenada
64%
2012Kirani James43.94Grenada
64%
1980Marita Koch48.88East Germany
64%
1982Marita Koch48.16East Germany
64%
1986Marita Koch48.22East Germany
64%
2010Jeremy Wariner44.13United States
57%
2007Jeremy Wariner43.45United States
57%
2015Allyson Felix49.26United States
50%
2017Allyson Felix49.65United States
50%
2013LaShawn Merritt43.74United States
50%
2011LaShawn Merritt44.35United States
50%
2009LaShawn Merritt44.06United States
50%
2000Cathy Freeman49.11Australia
43%
1997Cathy Freeman49.39Australia
43%
1996Marie-José Pérec48.25France
43%
1992Marie-José Pérec48.83France
43%
2013Amantle Montsho49.33Botswana
36%
1988Harry Reynolds43.29United States
36%
2007Sanya Richards49.27United States
36%
2009Sanya Richards48.83United States
36%
2016Shaunae Miller49.44Bahamas
36%
2003Ana Guevara48.89Mexico
29%
2008Christine Ohuruogu49.62United Kingdom
29%
1983Jarmila Kratochilová47.99Czechoslovakia
29%
1981Jarmila Kratochilová48.61Czechoslovakia
29%
2004Tonique Williams-Darling49.07Bahamas
29%
1977Alberto Juantorena44.65Cuba
21%
1978Alberto Juantorena44.27Cuba
21%
1989Antonio Pettigrew44.27United States
21%
1977Irena Szewinska49.52Poland
21%
1988Olga Bryzgina48.65Soviet Union
21%
1992Quincy Watts43.50United States
21%
1984Alonzo Babers44.27United States
14%
2011Anastasiya Kapachinskaya49.35Russia
14%
2012Antonina Krivoshapka49.16Russia
14%
1990Danny Everett44.06United States
14%
1999Falilat Ogunkoya49.62Nigeria
14%
1979Harald Schmid44.92West Germany
14%
2001Katharine Merry49.59United Kingdom
14%
1998Charity Opara49.29Nigeria
7%
2014Francena McCorory49.48United States
7%
1990Grit Breuer49.50Germany
7%
2002Leonard Byrd44.45United States
7%
1985Michel Franks44.47United States
7%
2003Tyree Washington44.33United States
7%
2001Tyree Washington44.28United States
7%
1980Viktor Markin44.60Soviet Union
7%
2015Wayde van Niekerk43.48South Africa
7%
2016Wayde van Niekerk43.03South Africa
7%
1989Ana Fidelia Quirot50.01Cuba
0%
2002Ana Guevara49.16Mexico
0%
1981Bert Cameron44.58Jamaica
0%
2010Debbie Dunn49.64United States
0%
1983Erwin Skamrahl44.50West Germany
0%
1986Gabriel Tiacoh44.30Cote d'Ivoire
0%
1987Harry Reynolds44.10United States
0%
2006Jeremy Wariner43.62United States
0%
2005Jeremy Wariner43.93United States
0%
2004Jeremy Wariner44.00United States
0%
2008LaShawn Merritt43.75United States
0%
1995Marie-José Pérec49.28France
0%
1994Marie-José Pérec49.77France
0%
1991Marie-José Pérec49.32France
0%
1985Marita Koch47.60East Germany
0%
1978Marita Koch48.94East Germany
0%
1979Marita Koch48.89East Germany
0%
1984Marita Koch48.16East Germany
0%
1993Ma Yuqin49.81China
0%
1996Michael Johnson43.44United States
0%
1993Michael Johnson43.65United States
0%
1998Michael Johnson43.68United States
0%
1994Michael Johnson43.90United States
0%
1997Michael Johnson43.75United States
0%
1999Michael Johnson43.18United States
0%
1995Michael Johnson43.39United States
0%
1987Olga Bryzgina49.38Soviet Union
0%
2005Sanya Richards48.92United States
0%
2006Sanya Richards48.70United States
0%
1982Sunder Nix44.68United States
0%

Score Distribution

Percentile by Number Answered

Percent of People with Each Score

Your Score History

You have not taken this quiz